|
|
|
|
| LEADER |
00000nam a2200000 a 4500 |
| 001 |
51585 |
| 003 |
CZ-ZlUTB |
| 005 |
20190826001519.0 |
| 007 |
ta |
| 008 |
090324s1971 xxu fr |||1 0 eng d |
| 040 |
|
|
|a ZLD002
|b cze
|
| 072 |
|
7 |
|a 544
|x Fyzikální chemie
|2 Konspekt
|9 10
|
| 080 |
|
|
|a 532.61
|2 MRF
|
| 080 |
|
|
|a 544.77
|2 MRF
|
| 080 |
|
|
|a 577.115
|2 MRF
|
| 080 |
|
|
|a 532.517
|2 MRF
|
| 080 |
|
|
|a 532.71
|2 MRF
|
| 080 |
|
|
|a (082)
|2 MRF
|
| 245 |
0 |
0 |
|a Surface and colloid science.
|n Vol. 4 /
|c editor Egon Matijević
|
| 260 |
|
|
|a New York :
|b Wiley-Interscience,
|c 1971
|
| 300 |
|
|
|a vii, 445 s. :
|b il. ;
|c 24 cm
|
| 504 |
|
|
|a Obsahuje bibliografie, jmenný a věcný rejstřík
|
| 650 |
0 |
7 |
|a koloidní soustavy
|7 ph121722
|2 czenas
|
| 650 |
0 |
7 |
|a adsorpce
|7 ph118263
|x plyny
|2 czenas
|
| 650 |
0 |
7 |
|a membrány
|7 ph402614
|x lipidy
|2 czenas
|
| 650 |
0 |
7 |
|a proudění kapalin
|7 ph138654
|2 czenas
|
| 653 |
0 |
|
|a osmóza
|
| 653 |
0 |
|
|a reverzní osmóza
|
| 655 |
|
7 |
|a sborníky
|7 fd163935
|2 czenas
|
| 700 |
1 |
|
|a Matijević, Egon,
|d 1922-
|7 utb2011674843
|4 edt
|
| 910 |
|
|
|a ZLD002
|
| 952 |
|
|
|0 0
|1 0
|4 0
|6 544SURFACE
|7 0
|8 BOOK
|9 91914
|a UTBZL
|b UTBZL
|c 030
|d 2009-03-24
|l 0
|o 544/SURFACE
|p 420010123112
|r 2019-08-26 00:00:00
|v 820.00
|w 2019-08-26
|x N:převod -TOMA; | 20100831
|y 05
|
| 992 |
|
|
|a BK
|b SK
|
| 999 |
|
|
|c 51585
|d 51585
|